[Event "VII Festival B"]
[Site "Trieste ITA"]
[Date "2005.09.09"]
[Round "8"]
[White "Monticolo, Lorenzo"]
[Black "Muradore, Aldo"]
[Result "1/2-1/2"]
[WhiteElo "1455"]
[BlackElo "1523"]
[PlyCount "69"]
[EventDate "2005.09.03"]

1. e4 c5 2. Nc3 d6 3. Nf3 Bg4 4. Be2 e6 5. O-O Nf6 6. Re1 Be7 7. d4 cxd4 8.
Nxd4 Bxe2 9. Rxe2 O-O 10. Bg5 Nfd7 11. Bxe7 Qxe7 12. Ncb5 Nc6 13. a3 Rfc8 14.
Nb3 Nc5 15. Qd2 Ne5 16. Nxc5 dxc5 17. b3 Rd8 18. Qf4 Ng6 19. Qg3 a6 20. Nc3 Rd4
21. Rd1 Rad8 22. Rxd4 Rxd4 23. Re3 Rd2 24. Re2 Rxe2 25. Nxe2 e5 26. h3 Qd8 27.
Qd3 Qxd3 28. cxd3 f6 29. Kf1 Kf7 30. b4 cxb4 31. axb4 Ke6 32. g3 Ne7 33. Nc3
Nc6 34. Nd5 Nd4 35. f4 1/2-1/2

[Event "VII Festival B"]
[Site "Trieste ITA"]
[Date "2005.09.09"]
[Round "8"]
[White "Oblak, Marco"]
[Black "Urbisaglia, Elvio"]
[Result "1-0"]
[WhiteElo "1482"]
[BlackElo "1451"]
[PlyCount "109"]
[EventDate "2005.09.03"]

1. d4 d5 2. Nf3 Nc6 3. Bf4 e6 4. a3 Bd6 5. Qd2 h6 6. e3 Nf6 7. Bd3 Bxf4 8. exf4
a6 9. O-O O-O 10. c3 b5 11. b4 Nd7 12. Ne5 Bb7 13. Qc2 Ncxe5 14. fxe5 Nb6 15.
Nd2 Bc6 16. f4 f6 17. Rae1 f5 18. Nf3 Be8 19. g3 Qd7 20. Re2 Qc6 21. Rc1 Bh5
22. Rf2 Bxf3 23. Rxf3 Rf7 24. h3 Raf8 25. Qd2 Na4 26. Be2 Kh8 27. Kf2 g6 28.
Bd1 Nb6 29. Bb3 Qd7 30. g4 Ra8 31. Rg3 Rg7 32. gxf5 exf5 33. Rcg1 Rag8 34. Kf3
Qc6 35. h4 Qd7 36. Qh2 h5 37. Re1 Qe6 38. Qg1 Ra8 39. Ke2 Rag8 40. Kd3 Rd8 41.
Re2 Rdg8 42. Reg2 Qc6 43. Kd2 Qe6 44. Kc2 Qc6 45. Kb1 Qd7 46. Re2 Qe6 47. Ka2
Ra8 48. Bd1 Rag8 49. Reg2 Qe7 50. Rxg6 Rxg6 51. Rxg6 Rxg6 52. Qxg6 Qxh4 53.
Qxf5 Qh2+ 54. Bc2 Na4 55. Qh7# 1-0

[Event "VII Festival B"]
[Site "Trieste ITA"]
[Date "2005.09.09"]
[Round "8"]
[White "Orsatti, Marcello"]
[Black "Belardinelli, Franco"]
[Result "0-1"]
[WhiteElo "1818"]
[BlackElo "1772"]
[PlyCount "84"]
[EventDate "2005.09.03"]

1. c4 c5 2. Nc3 Nc6 3. g3 g6 4. Bg2 Bg7 5. d3 b6 6. e4 Bb7 7. Nge2 e5 8. O-O
Nf6 9. f4 d6 10. f5 h6 11. h3 g5 12. g4 Qd7 13. Nd5 O-O-O 14. Nec3 Rdg8 15. Nb5
Kb8 16. Qa4 Bc8 17. a3 h5 18. Nxf6 Bxf6 19. Bf3 Bd8 20. Be3 Nd4 21. Bd1 hxg4
22. Bxg4 f6 23. Bf2 Nxb5 24. Qxb5 Qxb5 25. cxb5 Bd7 26. a4 Be8 27. Kg2 Bh5 28.
Rh1 Rg7 29. Rag1 Rgh7 30. Be1 Kb7 31. b4 Be8 32. Rh2 Bf7 33. Bd1 c4 34. dxc4
Bxc4 35. Bc2 Bc7 36. Bf2 Be2 37. Rgh1 g4 38. h4 Bf3+ 39. Kg3 d5 40. Re1 Bd6 41.
Bb3 Bxe4 42. Kxg4 Rg8+ 0-1

[Event "VII Festival B"]
[Site "Trieste ITA"]
[Date "2005.09.10"]
[Round "9"]
[White "Muradore, Aldo"]
[Black "Chiandussi, Livio"]
[Result "0-1"]
[WhiteElo "1523"]
[BlackElo "1497"]
[PlyCount "108"]
[EventDate "2005.09.03"]

1. d4 e6 2. c4 d5 3. cxd5 exd5 4. e3 Nf6 5. Nf3 Bd6 6. Be2 h6 7. O-O O-O 8. Nc3
c6 9. b3 Qc7 10. Bb2 Bg4 11. h3 Bf5 12. Rc1 a6 13. Bd3 Bxd3 14. Qxd3 Nbd7 15.
Rc2 Rfe8 16. Re1 Nf8 17. e4 dxe4 18. Nxe4 Nxe4 19. Rxe4 Rxe4 20. Qxe4 Qd7 21.
Qe1 Bc7 22. Re2 Ng6 23. Re4 Rd8 24. Qc3 Qd5 25. Qe3 Kf8 26. Qd3 Nf4 27. Qc2 Ne6
28. Re1 Bb6 29. Re5 Qd7 30. Qh7 f6 31. Re2 Nxd4 32. Bxd4 Bxd4 33. Kf1 Bc3 34.
Re3 Be5 35. Qc2 Qd1+ 36. Qxd1 Rxd1+ 37. Ke2 Rb1 38. Rd3 Rb2+ 39. Nd2 Rxa2 40.
Ke3 Ke7 41. Nc4 Bc7 42. Kf3 b5 43. Nd2 a5 44. Ne4 Kf8 45. Nc5 Be5 46. Nd7+ Ke7
47. Nxe5 fxe5 48. Re3 Ke6 49. Rd3 a4 50. bxa4 Rxa4 51. Rd8 b4 52. Re8+ Kf6 53.
Rc8 Ra6 54. Ke3 Rb6 0-1

[Event "VII Festival B"]
[Site "Trieste ITA"]
[Date "2005.09.10"]
[Round "9"]
[White "Oblak, Marco"]
[Black "Partipilo, Vito"]
[Result "0-1"]
[WhiteElo "1482"]
[BlackElo "1592"]
[PlyCount "52"]
[EventDate "2005.09.03"]

1. d4 d5 2. c4 e6 3. Nf3 Nf6 4. cxd5 exd5 5. Bg5 Be7 6. e3 O-O 7. Bd3 c6 8. O-O
Bg4 9. Nbd2 Nbd7 10. Qc2 Rc8 11. a3 c5 12. b3 cxd4 13. Nxd4 Rxc2 14. Nxc2 Ne5
15. h3 Bh5 16. g4 Nfxg4 17. Bxh7+ Kxh7 18. hxg4 Bxg4 19. Bf4 Bf6 20. Nd4 Ng6
21. f3 Nxf4 22. fxg4 Ne2+ 23. Kf2 Nxd4 24. Rh1+ Bh4+ 25. Kf1 Qf6+ 26. Kg2 Qf2+
0-1

[Event "VII Festival B"]
[Site "Trieste ITA"]
[Date "2005.09.10"]
[Round "9"]
[White "Piunti, Mauro"]
[Black "Boerci, Roberto"]
[Result "0-1"]
[WhiteElo "1712"]
[BlackElo "1392"]
[PlyCount "100"]
[EventDate "2005.09.03"]

1. d4 d6 2. c4 Nf6 3. Nc3 g6 4. e4 Bg7 5. Nf3 O-O 6. Be2 e5 7. d5 a5 8. Bg5 h6
9. Bh4 Na6 10. O-O Qe8 11. Nd2 Bd7 12. b3 Nc5 13. a3 Nh7 14. b4 Na4 15. Nxa4
Bxa4 16. Qc1 f5 17. f3 f4 18. c5 g5 19. Bf2 Bb5 20. Bxb5 Qxb5 21. Qc4 Qd7 22.
c6 Qc8 23. Rfc1 b6 24. bxa5 Rxa5 25. Nb3 Ra8 26. h3 h5 27. a4 g4 28. hxg4 hxg4
29. fxg4 Qxg4 30. Nd2 f3 31. g3 Qh3 32. Qf1 Qg4 33. Rc3 Bh6 34. Nc4 Bd2 35.
Nxd2 Ng5 36. Raa3 Kg7 37. Be1 Nh3+ 38. Kh2 Nf4 39. Nxf3 Rh8+ 40. Nh4 Ne2 41.
Qf3 Rxh4+ 42. gxh4 Qg1+ 43. Kh3 Nf4+ 44. Qxf4 exf4 45. Rc1 Qf1+ 46. Kg4 Kg6 47.
Rf3 Qg2+ 48. Bg3 Kh6 49. Kf5 Qxf3 50. Bxf4+ Kh5 0-1

[Event "VII Festival B"]
[Site "Trieste ITA"]
[Date "2005.09.10"]
[Round "9"]
[White "Poniz, Alessandro"]
[Black "Bembich, Corrado"]
[Result "1-0"]
[WhiteElo "1440"]
[BlackElo "1452"]
[PlyCount "57"]
[EventDate "2005.09.03"]

1. d4 c6 2. c4 Nf6 3. Nc3 g6 4. Bg5 Bg7 5. Bxf6 Bxf6 6. e3 O-O 7. Nf3 d5 8. Bd3
Bg4 9. h3 Be6 10. O-O Bg7 11. Re1 Nd7 12. Ng5 Nf6 13. Nxe6 fxe6 14. cxd5 exd5
15. Qb3 b6 16. Qc2 e6 17. Ne2 Nh5 18. Qxc6 Qh4 19. Qxe6+ Kh8 20. Rf1 Rf6 21.
Qxd5 Raf8 22. f3 Bh6 23. Qe5 Bg7 24. Qe4 Rf5 25. Qxh4 Bf6 26. Qe1 Rd5 27. Qb4
Re8 28. e4 a5 29. Qxb6 1-0

[Event "VII Festival B"]
[Site "Trieste ITA"]
[Date "2005.09.10"]
[Round "9"]
[White "Sabadin, Giorgio"]
[Black "Dragovic, Radimiro"]
[Result "1/2-1/2"]
[WhiteElo "1700"]
[BlackElo "1599"]
[PlyCount "116"]
[EventDate "2005.09.03"]

1. e4 c5 2. Bc4 d6 3. Nc3 Nf6 4. h3 g6 5. Nf3 Bg7 6. d3 O-O 7. O-O Nc6 8. a3
Bd7 9. Ne2 Rc8 10. Bg5 Qb6 11. Rb1 Rfe8 12. Qc1 e6 13. Ba2 Qc7 14. c3 a5 15.
Qd2 b5 16. Rbc1 Qb7 17. Bb1 b4 18. cxb4 axb4 19. axb4 Qxb4 20. Nc3 Nd4 21. Nxd4
Qxd4 22. Ba2 Rb8 23. Bc4 Nxe4 24. Nxe4 Rxb2 25. Qf4 d5 26. Nf6+ Bxf6 27. Qxf6
Qxf6 28. Bxf6 Rb4 29. Ba2 Bb5 30. Rfd1 c4 31. dxc4 Bxc4 32. Bxc4 Rxc4 33. Rxc4
dxc4 34. Rc1 Rc8 35. Kf1 Kf8 36. Ke2 Ke8 37. Ke3 Kd7 38. Kd4 Ra8 39. Rxc4 Ra5
40. Ke3 Ra3+ 41. Ke4 Ra2 42. Bd4 Re2+ 43. Be3 Ra2 44. g3 Ra5 45. Bb6 Ra2 46.
Rc7+ Ke8 47. Ke5 Ra3 48. Rc8+ Kd7 49. Rc7+ Ke8 50. Kf6 Rf3+ 51. Kg7 h5 52. Be3
h4 53. Bf4 Rxf2 54. Rxf7 hxg3 55. Rf8+ Kd7 56. Rf7+ Kd8 57. Rf8+ Kd7 58. Bxg3
58... Rg2 {...} 1/2-1/2

[Event "VII Festival B"]
[Site "Trieste ITA"]
[Date "2005.09.10"]
[Round "9"]
[White "Stampalia, Piergiorgio"]
[Black "Iancovic, Bruno"]
[Result "1-0"]
[WhiteElo "1574"]
[BlackElo "1503"]
[PlyCount "93"]
[EventDate "2005.09.03"]

1. e4 c6 2. d4 d5 3. e5 Bf5 4. Nf3 e6 5. c3 h6 6. Bd3 Ne7 7. O-O Nd7 8. h3 Rc8
9. Re1 a6 10. b4 Bxd3 11. Qxd3 Ng6 12. Nbd2 Be7 13. Nf1 O-O 14. Bd2 Nb6 15. Be3
Nc4 16. N1d2 Nxe3 17. Qxe3 a5 18. a3 a4 19. Rac1 Nh4 20. Nxh4 Bxh4 21. Nf3 Be7
22. Rc2 b6 23. Qe2 Qd7 24. Nh2 c5 25. f4 Qc6 26. Rec1 f5 27. Qf2 Qe8 28. Kh1
Qf7 29. Nf3 Kh7 30. Qe2 c4 31. Rg1 g5 32. fxg5 hxg5 33. Nh2 Rh8 34. Rf1 Kg7 35.
Kg1 Qg6 36. Rcc1 Rh4 37. Rf3 Rch8 38. Rcf1 Re4 39. Qf2 Reh4 40. Qg3 Qh6 41. Ng4
Qh5 42. Ne3 Kf8 43. Nxf5 exf5 44. Rxf5+ Ke8 45. e6 Bd8 46. Qd6 Be7 47. Qd7# 1-0

[Event "VII Festival B"]
[Site "Trieste ITA"]
[Date "2005.09.10"]
[Round "9"]
[White "Tomio, Dante"]
[Black "Mirkovic, Nikola"]
[Result "1-0"]
[WhiteElo "1816"]
[BlackElo "1702"]
[PlyCount "48"]
[EventDate "2005.09.03"]

1. d4 f5 2. Nf3 g6 3. Bf4 Nf6 4. e3 Bg7 5. c3 O-O 6. Bd3 d6 7. Nbd2 Qe8 8. Qb3+
Kh8 9. h3 Nh5 10. Bh2 Nc6 11. O-O-O e5 12. dxe5 dxe5 13. e4 f4 14. g4 fxg3 15.
Bxg3 Nf4 16. Bf1 a5 17. h4 a4 18. Qc2 Na5 19. Kb1 Nd5 20. Re1 b5 21. Nh2 Be6
22. Nhf3 Qf7 23. c4 bxc4 24. Ng5 24... Qd7 {...} 1-0

[Event "VII Festival B"]
[Site "Trieste ITA"]
[Date "2005.09.10"]
[Round "9"]
[White "Urbisaglia, Elvio"]
[Black "Monticolo, Lorenzo"]
[Result "0-1"]
[WhiteElo "1451"]
[BlackElo "1455"]
[PlyCount "72"]
[EventDate "2005.09.03"]

1. e4 e5 2. Nf3 Nc6 3. Bb5 Bc5 4. Bxc6 bxc6 5. d3 d6 6. Nfd2 Nf6 7. h3 O-O 8.
Nb3 Bb6 9. Bg5 Re8 10. Qf3 Re6 11. N1d2 d5 12. O-O Qd7 13. Rfe1 Bb7 14. Rad1 c5
15. Qf5 Bc6 16. Nf3 Nh5 17. Nxe5 Rxe5 18. Qxe5 f6 19. Bxf6 Nxf6 20. exd5 Bxd5
21. c4 Bc6 22. Nxc5 Bxc5 23. Qxc5 Rf8 24. Re3 Ne4 25. Rxe4 Bxe4 26. Qxa7 Ba8
27. d4 Qf5 28. d5 Qc2 29. Re1 Qxc4 30. b3 Qxd5 31. f3 Qg5 32. Kh1 Qh4 33. Rf1
Bc6 34. Qxc7 Bb5 35. Rc1 h6 36. Re1 Qxe1+ 0-1

[Event "I Open B"]
[Site "Pedavena ITA"]
[Date "2005.08.03"]
[Round "1"]
[White "Barazza, Remo"]
[Black "Fausone, Vincenzo"]
[Result "1-0"]
[WhiteElo "1596"]
[BlackElo "1419"]
[PlyCount "120"]
[EventDate "2005.08.03"]

1. e4 c5 2. Nf3 d6 3. d4 cxd4 4. Nxd4 e5 5. Bb5+ Bd7 6. Bxd7+ Qxd7 7. Nf3 Nf6
8. Nc3 Be7 9. Bg5 Qd8 10. O-O O-O 11. Qd2 Nbd7 12. Rad1 Nc5 13. Bxf6 gxf6 14.
Nh4 Ne6 15. Nf5 Ng7 16. Nxe7+ Qxe7 17. Qxd6 Qxd6 18. Rxd6 Ne6 19. Rfd1 Rfd8 20.
Rxd8+ Rxd8 21. Rxd8+ Nxd8 22. Nd5 Kg7 23. Kf1 Ne6 24. Ke2 Nd4+ 25. Kd3 Nc6 26.
c3 Kg6 27. Nc7 f5 28. exf5+ Kxf5 29. Nb5 Ke6 30. Ke4 f5+ 31. Ke3 a6 32. Na3 h6
33. g3 Kf6 34. f3 h5 35. Nc4 Ke6 36. Nd2 Kd5 37. b3 Ke6 38. h3 Kf6 39. h4 Ke6
40. Kd3 Kd6 41. Kc4 Na5+ 42. Kd3 Nc6 43. Nf1 Ke6 44. Kc4 Kd6 45. Ne3 f4 46.
gxf4 exf4 47. Ng2 Ne5+ 48. Kd4 Nxf3+ 49. Ke4 Nd2+ 50. Kxf4 Ke6 51. Kg5 Ne4+ 52.
Kxh5 Kf5 53. Ne3+ Kf4 54. Nd5+ Kf5 55. c4 Ng3+ 56. Kh6 Kg4 57. Kg6 Kxh4 58. Kf6
Ne4+ 59. Ke6 Nc5+ 60. Kd6 Nd3 1-0

[Event "I Open B"]
[Site "Pedavena ITA"]
[Date "2005.08.03"]
[Round "1"]
[White "Bettini, Alessandro"]
[Black "Trento, Giacomo"]
[Result "0-1"]
[WhiteElo "1766"]
[BlackElo "1531"]
[PlyCount "76"]
[EventDate "2005.08.03"]

1. d4 d6 2. Bg5 Bg4 3. c4 Nf6 4. Bxf6 gxf6 5. Qb3 Nd7 6. g3 Bh6 7. Bg2 e5 8. f3
Bh5 9. d5 Nc5 10. Qa3 f5 11. b4 Nd7 12. Qc3 Rc8 13. Qd3 c6 14. Nc3 Nb6 15. dxc6
Rxc6 16. Nb5 a6 17. Na3 Qc7 18. Qxf5 Bg6 19. Qf6 O-O 20. b5 Rc5 21. Rd1 Nxc4
22. Nxc4 Rxc4 23. Qxd6 Qa5+ 24. Kf2 Qxb5 25. Nh3 Rc2 26. Rhe1 Rxa2 27. f4 Rc8
28. Rd5 Qb2 29. Qd7 Rc1 30. Qe8+ Kg7 31. Rd8 Qb6+ 32. Kf1 Rxe1+ 33. Kxe1 Ra1+
34. Kd2 Qb4+ 35. Ke3 Ra3+ 36. Kf2 Qc5+ 37. e3 Qxe3+ 38. Kf1 Ra1+ 0-1

[Event "I Open B"]
[Site "Pedavena ITA"]
[Date "2005.08.03"]
[Round "1"]
[White "Capizzi, Biagio"]
[Black "Ferlini, Claudio"]
[Result "0-1"]
[WhiteElo "1578"]
[BlackElo "1383"]
[PlyCount "110"]
[EventDate "2005.08.03"]

1. d4 Nf6 2. c4 e6 3. Nc3 b6 4. e4 Bb4 5. Bd3 d6 6. Nf3 Nbd7 7. O-O c5 8. d5
Bxc3 9. bxc3 e5 10. Bg5 h6 11. Bh4 Rg8 12. Bxf6 Qxf6 13. Nd2 Qg5 14. f4 exf4
15. Qf3 Ne5 16. Qe2 Bg4 17. Nf3 Nxf3+ 18. Rxf3 Qe5 19. Rc1 Kf8 20. Qf1 Bxf3 21.
Qxf3 g5 22. Qg4 Rd8 23. Kf2 f3 24. Qxf3 Qxh2 25. Rf1 Qf4 26. Qxf4 gxf4 27. Rh1
Rg3 28. Rh3 Rxh3 29. gxh3 Ke7 30. Kf3 Rg8 31. Kxf4 h5 32. Bc2 f6 33. Kf3 h4 34.
Kf2 Rg3 35. Bb3 Rxh3 36. Kg2 Rxc3 37. Kf2 Kf7 38. Kg2 Kg6 39. Kf2 Kg5 40. Kg2
Kf4 41. Kf2 Rg3 42. Bd1 Kxe4 43. Be2 Ra3 44. Bg4 Kf4 45. Be6 f5 46. Kg2 Kg4 47.
Bxf5+ Kxf5 48. Kh2 Kg4 49. Kg2 Rxa2+ 50. Kg1 Rb2 51. Kh1 a5 52. Kg1 a4 53. Kf1
a3 54. Kg1 a2 55. Kf1 a1=Q# 0-1

[Event "I Open B"]
[Site "Pedavena ITA"]
[Date "2005.08.03"]
[Round "1"]
[White "Cusella, Flaviano"]
[Black "Binder, Andrea"]
[Result "0-1"]
[WhiteElo "1479"]
[BlackElo "1688"]
[PlyCount "66"]
[EventDate "2005.08.03"]

1. Nf3 Nf6 2. c4 d6 3. g3 g6 4. Bg2 Bg7 5. O-O O-O 6. d4 c6 7. Nc3 Nbd7 8. e4
Qc7 9. Qc2 b5 10. cxb5 cxb5 11. Ne1 Bb7 12. Bd2 Rac8 13. Rc1 b4 14. Na4 Qa5 15.
Qb3 Rxc1 16. Bxc1 Bc6 17. Nd3 Qxa4 18. Qxa4 Bxa4 19. Nxb4 Rb8 20. b3 Rxb4 21.
bxa4 Rxd4 22. Be3 Rxa4 23. Rb1 Rxa2 24. Rb7 a5 25. Bf1 a4 26. Ra7 a3 27. Ra8+
Nf8 28. Ra7 Nxe4 29. Rxe7 d5 30. f3 d4 31. Bf4 Nc5 32. Bc4 Ra1+ 33. Kg2 Nce6
0-1

[Event "I Open B"]
[Site "Pedavena ITA"]
[Date "2005.08.03"]
[Round "1"]
[White "Fabrello, Alessandro"]
[Black "Tonus, Alex"]
[Result "0-1"]
[WhiteElo "1506"]
[BlackElo "1702"]
[PlyCount "70"]
[EventDate "2005.08.03"]

1. d4 Nf6 2. Nf3 g6 3. Nbd2 d6 4. e4 Bg7 5. Bd3 O-O 6. O-O Nbd7 7. e5 dxe5 8.
dxe5 Ng4 9. e6 fxe6 10. Ng5 Nde5 11. Be4 Nf6 12. c3 c6 13. Qb3 Nxe4 14. Ndxe4
Qd5 15. Qb4 h6 16. Nh3 Nd3 17. Qa4 b5 18. Qc2 Qxe4 19. Be3 Nxf2 20. Rxf2 Qxe3
21. Raf1 e5 22. Qxg6 Bxh3 23. Qxc6 Rxf2 24. Rxf2 Rf8 25. Qd5+ e6 26. Qd2 Qxf2+
27. Qxf2 Rxf2 28. Kxf2 Bf5 29. Ke3 Kf7 30. h3 h5 31. a3 Bh6+ 32. Ke2 Kf6 33. b3
e4 34. c4 bxc4 35. bxc4 Ke5 0-1

[Event "I Open B"]
[Site "Pedavena ITA"]
[Date "2005.08.03"]
[Round "1"]
[White "Giorgiutti, Jacopo"]
[Black "Solinas, Roberto"]
[Result "0-1"]
[WhiteElo "1428"]
[BlackElo "1634"]
[PlyCount "64"]
[EventDate "2005.08.03"]

1. d4 d5 2. c4 e6 3. Nc3 Be7 4. Nf3 Nf6 5. Bg5 h6 6. Bh4 b6 7. Qa4+ Bd7 8. Qc2
dxc4 9. e4 b5 10. a4 c6 11. Be2 O-O 12. O-O Nh5 13. Bg3 Nxg3 14. fxg3 f6 15. g4
Be8 16. Rad1 Qc7 17. b3 b4 18. Nb1 c3 19. Rf2 Nd7 20. Bd3 Bg6 21. Re1 c5 22.
Bc4 Bf7 23. d5 exd5 24. Bxd5 Bxd5 25. exd5 Bd6 26. Qf5 Ne5 27. Nh4 Qf7 28. Rd1
c4 29. bxc4 Bc5 30. Nf3 Bxf2+ 31. Kxf2 Nxg4+ 32. Kg1 Ne3 0-1

[Event "I Open B"]
[Site "Pedavena ITA"]
[Date "2005.08.03"]
[Round "1"]
[White "Merciari, Moreno"]
[Black "Paveglio, Mattia"]
[Result "1-0"]
[WhiteElo "1715"]
[BlackElo "1515"]
[PlyCount "89"]
[EventDate "2005.08.03"]

1. e4 e5 2. Nf3 Nc6 3. Bb5 a6 4. Ba4 b5 5. Bb3 Nf6 6. d3 h6 7. h3 Bc5 8. O-O d6
9. c3 Be6 10. Bxe6 fxe6 11. Re1 O-O 12. Be3 Bxe3 13. Rxe3 Ne7 14. Qb3 Qd7 15.
d4 exd4 16. Nxd4 d5 17. exd5 exd5 18. Nd2 Nf5 19. Nxf5 Qxf5 20. Nf3 Rfe8 21.
Rae1 Rxe3 22. Rxe3 Re8 23. Rxe8+ Nxe8 24. Qd1 Nf6 25. Nd4 Qf4 26. g3 Qe4 27.
Qe2 Qb1+ 28. Kg2 Qxa2 29. Qe6+ Kh8 30. Qc8+ Kh7 31. Qf5+ Kh8 32. Qg6 Qc4 33.
Ne6 Qe4+ 34. Qxe4 Nxe4 35. Nxc7 Nc5 36. Nxd5 a5 37. b4 axb4 38. cxb4 Nd3 39.
Kf3 Kg8 40. Ke3 Nc1 41. Kd2 Nb3+ 42. Kc3 Nc1 43. Kd4 Nb3+ 44. Ke5 Nc1 45. Kd6
1-0

[Event "I Open B"]
[Site "Pedavena ITA"]
[Date "2005.08.03"]
[Round "1"]
[White "Muscara', Ilaria"]
[Black "Belardinelli, Franco"]
[Result "0-1"]
[WhiteElo "1535"]
[BlackElo "1772"]
[PlyCount "104"]
[EventDate "2005.08.03"]

1. e4 c5 2. Nf3 d6 3. Nc3 Nf6 4. d4 cxd4 5. Nxd4 g6 6. Bc4 Bg7 7. O-O O-O 8.
Re1 Nc6 9. Nf3 Bg4 10. h3 Bd7 11. Bf4 Rc8 12. Bb3 Na5 13. Qd3 Nxb3 14. axb3 a6
15. Red1 Bc6 16. Nd5 Nd7 17. c3 Nc5 18. Qc2 Bxd5 19. Rxd5 Qb6 20. b4 Ne6 21.
Be3 Qc6 22. Nd4 Nxd4 23. Bxd4 Bxd4 24. Rxd4 Qb6 25. Qe2 f6 26. Kf1 Rf7 27. Qe3
Rd8 28. Ke2 Qc6 29. Qd3 f5 30. f3 fxe4 31. Rxe4 d5 32. Re3 Qd6 33. Qd4 Rf5 34.
g4 Qh2+ 35. Kd3 e5 36. Qb6 e4+ 37. fxe4 dxe4+ 38. Kc4 Qd2 39. Qe6+ Rf7 40. Qxe4
Qxb2 41. Qe6 Qxa1 42. Kb3 Qd1+ 43. Ka3 b5 44. Re2 Qd5 45. Qxd5 Rxd5 46. Re3 Rd2
47. Kb3 Rff2 48. c4 Rb2+ 49. Kc3 Rfc2+ 50. Kd4 Rxc4+ 51. Kd5 Rbxb4 52. Re8+ Kf7
0-1

[Event "I Open B"]
[Site "Pedavena ITA"]
[Date "2005.08.03"]
[Round "1"]
[White "Sommacal, Mandy"]
[Black "Bisaro, Andrea"]
[Result "1-0"]
[WhiteElo "1643"]
[BlackElo "1431"]
[PlyCount "55"]
[EventDate "2005.08.03"]

1. e4 g6 2. Nf3 Bg7 3. Nc3 d6 4. Bc4 Nc6 5. d3 Bg4 6. h3 Bxf3 7. Qxf3 Ne5 8.
Qg3 Nxc4 9. dxc4 c6 10. O-O Nf6 11. Rd1 O-O 12. Bg5 h6 13. Bc1 Nd7 14. Bf4 Be5
15. Bxe5 Nxe5 16. c5 Kh7 17. Rd4 f5 18. Rad1 f4 19. Qh4 g5 20. Qh5 Rf6 21. h4
g4 22. Qxe5 g3 23. f3 b6 24. cxd6 Rxd6 25. Rxd6 exd6 26. Rxd6 Qxh4 27. Rd7+ Kg6
28. Rg7# 1-0

[Event "I Open B"]
[Site "Pedavena ITA"]
[Date "2005.08.04"]
[Round "2"]
[White "Belardinelli, Franco"]
[Black "Schenal, Giacomo"]
[Result "1-0"]
[WhiteElo "1772"]
[BlackElo "1670"]
[PlyCount "71"]
[EventDate "2005.08.03"]

1. e4 g6 2. d4 Bg7 3. f4 Nf6 4. Nc3 d6 5. Nf3 O-O 6. Be3 Nbd7 7. Qd2 Ng4 8. Bg1
c5 9. h3 Nh6 10. O-O-O cxd4 11. Bxd4 Bxd4 12. Qxd4 Qb6 13. Nd5 Qd8 14. Bc4 Nb6
15. Nxb6 Qxb6 16. Qxb6 axb6 17. g4 Kg7 18. Rhe1 Bd7 19. e5 Bc6 20. Nd4 d5 21.
Bb3 Rad8 22. Re3 Ng8 23. f5 h6 24. Red3 Rfe8 25. e6 Rd6 26. exf7 Kxf7 27. fxg6+
Kxg6 28. Nf5 Rf6 29. Bxd5 e6 30. Nh4+ Kg5 31. Nf3+ Kg6 32. Bxc6 bxc6 33. Ne5+
Kg7 34. Nxc6 Rc8 35. Ne5 Rf2 36. Rd7+ 1-0

[Event "I Open B"]
[Site "Pedavena ITA"]
[Date "2005.08.04"]
[Round "2"]
[White "Bettini, Alessandro"]
[Black "Cusella, Flaviano"]
[Result "1/2-1/2"]
[WhiteElo "1766"]
[BlackElo "1479"]
[PlyCount "144"]
[EventDate "2005.08.03"]

1. c4 Nf6 2. Nc3 g6 3. g3 Bg7 4. Bg2 O-O 5. d3 d6 6. Rb1 Nbd7 7. e3 Rb8 8. Nge2
e5 9. O-O a5 10. b4 axb4 11. Rxb4 b6 12. a4 Bb7 13. e4 Nc5 14. Be3 Nfd7 15. Qc2
f5 16. f3 h5 17. Nd5 Nf6 18. Nxf6+ Qxf6 19. Qd2 Qf7 20. Nc3 Bc6 21. Ra1 Ra8 22.
Qc2 fxe4 23. fxe4 Nd7 24. Rf1 Nf6 25. Bg5 Qe8 26. Nb5 Qc8 27. Qd1 Bd7 28. Bxf6
Rxf6 29. Rxf6 Bxf6 30. Nc3 h4 31. Qf3 Bg5 32. gxh4 Bxh4 33. Qd1 Be6 34. Rb2 Qd7
35. Ra2 Qf7 36. Qf3 Be1 37. Qxf7+ Kxf7 38. Nb5 Rc8 39. Ra1 Bb4 40. Rf1+ Ke7 41.
Na7 Bc5+ 42. Kh1 Rf8 43. Rxf8 Kxf8 44. Nb5 Bd7 45. Nxc7 Bxa4 46. Ne6+ Ke7 47.
Nxc5 bxc5 48. h4 Bc2 49. Bf1 Kf6 50. Be2 Kg7 51. Kg2 Kh6 52. Kg3 g5 53. Kg4
gxh4 54. Kxh4 Kg6 55. Kg4 Kf6 56. Kh5 Ke6 57. Kg5 Kd7 58. Kf6 Bb1 59. Kf7 Kc6
60. Ke6 Bc2 61. Ke7 Kc7 62. Bf1 Bb1 63. Ke8 Bc2 64. Be2 Kc8 65. Ke7 Kc7 66. Ke6
Kc6 67. Ke7 Kc7 68. Bf1 Bb1 69. Ke8 Bc2 70. Be2 Kc8 71. Bg4+ Kc7 72. Be2 Kc8
1/2-1/2

[Event "I Open B"]
[Site "Pedavena ITA"]
[Date "2005.08.04"]
[Round "2"]
[White "Binder, Andrea"]
[Black "Chiesa, Roberto"]
[Result "1/2-1/2"]
[WhiteElo "1688"]
[BlackElo "1682"]
[PlyCount "72"]
[EventDate "2005.08.03"]

1. Nf3 Nf6 2. c4 c6 3. b3 d5 4. Bb2 Bf5 5. g3 e6 6. Bg2 Be7 7. O-O h6 8. d3
Nbd7 9. Nbd2 O-O 10. a3 Qc7 11. Rc1 a5 12. Ne1 Rfd8 13. Nc2 Bh7 14. cxd5 exd5
15. e4 dxe4 16. dxe4 Nc5 17. Qe2 Nd3 18. Rb1 Nxb2 19. Rxb2 Bc5 20. b4 axb4 21.
axb4 Ba7 22. Kh1 Re8 23. Re1 Rad8 24. f3 Nd5 25. Nb3 Nc3 26. Qf1 Nb5 27. Nc5 b6
28. Na4 Bb8 29. Qf2 Ba7 30. Rc1 Nd6 31. Nd4 b5 32. Nc5 Bxc5 33. Rxc5 Nc4 34.
Nxb5 Qb7 35. Rc2 Nd6 36. Bf1 Rc8 {...} 1/2-1/2

[Event "I Open B"]
[Site "Pedavena ITA"]
[Date "2005.08.04"]
[Round "2"]
[White "Bisaro, Andrea"]
[Black "Fabrello, Alessandro"]
[Result "0-1"]
[WhiteElo "1431"]
[BlackElo "1506"]
[PlyCount "43"]
[EventDate "2005.08.03"]

1. d4 d5 2. c4 e6 3. Nc3 Nf6 4. Bg5 Be7 5. cxd5 exd5 6. Qc2 Nbd7 7. e4 dxe4 8.
Nxe4 O-O 9. Nxf6+ Nxf6 10. O-O-O Nd5 11. Bxe7 Qxe7 12. a3 Be6 13. h4 Rac8 14.
Kb1 c6 15. Bd3 Nf6 16. Nf3 Rfe8 17. Ng5 g6 18. Rhe1 Qd6 19. h5 Bd5 20. hxg6
Rxe1 21. Rxe1 hxg6 22. Bxg6 {...} 0-1

[Event "I Open B"]
[Site "Pedavena ITA"]
[Date "2005.08.04"]
[Round "2"]
[White "Buzzati, Francesco"]
[Black "Merciari, Moreno"]
[Result "0-1"]
[WhiteElo "1658"]
[BlackElo "1715"]
[PlyCount "102"]
[EventDate "2005.08.03"]

1. e4 e5 2. Nf3 Nc6 3. d4 exd4 4. Bc4 Be7 5. O-O d6 6. Nxd4 Nxd4 7. Qxd4 Bf6 8.
Qd5 Qe7 9. f4 c6 10. Qd1 Be6 11. Qd3 O-O-O 12. Qb3 Bd4+ 13. Kh1 Nf6 14. c3 Bb6
15. Bxe6+ Qxe6 16. Qxe6+ fxe6 17. Nd2 Ng4 18. Nc4 Nf2+ 19. Kg1 Nxe4+ 20. Nxb6+
axb6 21. Re1 d5 22. Be3 Kc7 23. Bd4 Rhg8 24. Be5+ Kc8 25. a4 Kd7 26. Rad1 Nc5
27. Ra1 Nd3 28. Re2 Nxe5 29. Rxe5 Rgf8 30. g3 Rf5 31. Rae1 Rxe5 32. Rxe5 Rf8
33. Kg2 Rf5 34. Re1 Kd6 35. b4 e5 36. Kf3 exf4 37. gxf4 g5 38. Kg4 Rxf4+ 39.
Kxg5 Rf3 40. Rc1 c5 41. h4 cxb4 42. cxb4 Rf7 43. Rd1 Ke5 44. Re1+ Kd4 45. Re6
Kc4 46. Rxb6 d4 47. a5 Rd7 48. b5 Rd5+ 49. Kf4 Rxb5 50. Ke4 Rxb6 51. axb6 Kc3
0-1

[Event "I Open B"]
[Site "Pedavena ITA"]
[Date "2005.08.04"]
[Round "2"]
[White "Cassol, Michele"]
[Black "Barazza, Remo"]
[Result "0-1"]
[WhiteElo "1694"]
[BlackElo "1596"]
[PlyCount "118"]
[EventDate "2005.08.03"]

1. e4 c5 2. Nf3 e6 3. d4 cxd4 4. Nxd4 Nf6 5. Bd3 Nc6 6. Nb3 Be7 7. Nc3 d5 8.
exd5 Nxd5 9. Ne4 O-O 10. Qh5 Ncb4 11. Nec5 Nxd3+ 12. Nxd3 Qc7 13. c3 b6 14. O-O
Bb7 15. Bd2 Nf6 16. Qh3 Rfd8 17. Rad1 Rd7 18. Bf4 Qd8 19. Nd4 Bc5 20. Be5 Bd6
21. Rfe1 Bxe5 22. Nxe5 Rd6 23. Rd2 Rd5 24. Rde2 Qc7 25. Re3 Rc8 26. Rg3 Rxe5
27. Rd1 Rh5 28. Nxe6 Rxh3 29. Nxc7 Rxg3 30. fxg3 h6 31. Nb5 a6 32. Nd4 Bd5 33.
Nf5 Re8 34. a3 Re2 35. Kf1 Rxg2 36. Ne7+ Kh7 37. Nxd5 Nxd5 38. Rxd5 Rxb2 39.
Rd7 Kg6 40. h4 h5 41. Rd5 Rb3 42. Kf2 Rxc3 43. Rd6+ f6 44. Rxb6 Rxa3 45. Rc6
Ra5 46. Kf3 Rf5+ 47. Ke4 a5 48. Rc4 Rb5 49. Kd3 Rb3+ 50. Kd4 Rb4 51. Rxb4 axb4
52. Kc4 b3 53. Kxb3 Kf5 54. Kc4 Kg4 55. Kd5 g5 56. Ke6 gxh4 57. gxh4 Kxh4 58.
Kxf6 Kg3 59. Kg5 h4 0-1